Caricamento...

Terrorism, national security and economic development

Dettagli Bibliografici
Autore principale: Rajpurohit, G S
Natura: Printed Book
Lingua:English
Pubblicazione: New Delhi: Random publications, 2016.
Soggetti:
LEADER 00624 a2200169 4500
008 170225b xxu||||| |||| 00| 0 eng d
999 |c 113189  |d 113189 
020 |a 9789351119708 
082 |a 363.325 
100 |a Rajpurohit, G S 
245 |a Terrorism, national security and economic development  |c G S Rajpurohit 
260 |b Random publications,  |c 2016.  |a New Delhi: 
300 |a 304p.  |c 24cm. 
650 |a Terrorism--Economic aspects 
650 |a Terrorism--Prevention 
942 |2 ddc  |c BK 
952 |0 0  |1 0  |4 0  |6 363_325000000000000_RAJ_T  |7 0  |9 120020  |a UL  |b UL  |c ST1  |d 2016-12-28  |e 176  |g 1220.40  |l 0  |o 363.325 RAJ/T  |p 95119  |r 2016-12-22  |v 1695.00  |y BK